[Event "DEM U10 2012"]
[Site "Oberhof GER"]
[Date "2012.05.29"]
[Round "5"]
[White "Preißler, Niklas"]
[Black "Schumacher, Simon"]
[Result "1-0"]
[Termination "normal"]
[Board "29"]
[WhiteElo "1393"]
[BlackElo "968"]
[PlyCount "35"]
[WhiteFideId "12927554"]
[EventCountry "GER"]
[EventRounds "11"]
[EventType "swiss"]
[EventDate "2012.05.26"]

1. d4 d5 2. Nf3 Nc6 3. e3 Bf5 4. Bd3 Bxd3 5. Qxd3 e6 6. c3 Bd6 7. Nbd2 Nf6 8.
O-O O-O 9. Re1 Qd7 10. e4 dxe4 11. Nxe4 Qe7 12. Bg5 h6 13. Nxf6+ gxf6 14. Bxh6
Rfe8 15. Ne5 fxe5 16. Qg3+ Qg5 17. Qxg5+ Kh8 18. Qg7# 1-0

[Event "DEM U10 2012"]
[Site "Oberhof GER"]
[Date "2012.05.29"]
[Round "5"]
[White "Baladjaev, Leyla"]
[Black "Kück, Artur"]
[Result "0-1"]
[Termination "normal"]
[Board "30"]
[WhiteElo "1113"]
[BlackElo "1212"]
[PlyCount "102"]
[WhiteFideId "12960217"]
[BlackFideId "12965120"]
[EventCountry "GER"]
[EventRounds "11"]
[EventType "swiss"]
[EventDate "2012.05.26"]

1. d4 d5 2. Nf3 e6 3. g3 c5 4. e3 Nc6 5. Bg2 Nf6 6. O-O Be7 7. Nbd2 O-O 8. b3
Bd7 9. Bb2 Rc8 10. c3 b5 11. c4 bxc4 12. bxc4 Rb8 13. Qc2 Nb4 14. Qc3 Ne4 15.
Nxe4 dxe4 16. Nd2 cxd4 17. exd4 Nd3 18. Rab1 Rxb2 19. Rxb2 Nxb2 20. Qxb2 f5 21.
Qb7 Bg5 22. f4 exf3 23. Nxf3 Be3+ 24. Kh1 f4 25. Ne5 Ba4 26. Qxa7 Bc2 27. Qa6
Qe7 28. c5 Bxd4 29. c6 Bxe5 30. Rc1 Bf5 31. a4 Bc7 32. a5 Qa3 33. Rg1 Qxa5 34.
Ra1 Qxa6 35. Rxa6 Rd8 36. Kg1 Rd1+ 37. Kf2 Rd2+ 38. Kf1 Bd3+ 39. Kg1 Bxa6 40.
gxf4 Bb6+ 41. Kh1 Rd1+ 42. Bf1 Rxf1+ 43. Kg2 Rxf4 44. Kg3 e5 45. h4 Bf2+ 46.
Kg2 e4 47. c7 e3 48. h5 e2 49. h6 e1=Q 50. hxg7 Qg1+ 51. Kh3 Qg3# 0-1

[Event "DEM U10 2012"]
[Site "Oberhof GER"]
[Date "2012.05.29"]
[Round "5"]
[White "Kirsten, Annika"]
[Black "Demme, Miriam"]
[Result "0-1"]
[Termination "normal"]
[Board "31"]
[WhiteElo "957"]
[BlackElo "1207"]
[PlyCount "82"]
[WhiteFideId "12961124"]
[BlackFideId "12966703"]
[EventCountry "GER"]
[EventRounds "11"]
[EventType "swiss"]
[EventDate "2012.05.26"]

1. e4 c5 2. Nf3 d6 3. d4 cxd4 4. Nxd4 Nf6 5. Nc3 g6 6. Be3 Bg7 7. Bc4 O-O 8. f3
Nc6 9. Qd2 Bd7 10. O-O-O Rc8 11. Bb3 Na5 12. g4 Nc4 13. Bxc4 Rxc4 14. Qe2 Rc8
15. h4 Qa5 16. Nb3 Qc7 17. h5 b5 18. Nd4 a6 19. hxg6 fxg6 20. Qh2 e5 21. Nd5
Nxd5 22. Qxh7+ Kf7 23. Bh6 Rg8 24. c3 Nf6 25. Qxg7+ Rxg7 26. Bxg7 Kxg7 27. Rh2
exd4 28. Rxd4 Qc5 29. Rd1 b4 30. Rc2 Qe3+ 31. Rdd2 bxc3 32. Rxc3 Rxc3+ 33. bxc3
Qe1+ 34. Kc2 Ba4+ 35. Kd3 Qf1+ 36. Ke3 Qc1 37. g5 Qxc3+ 38. Ke2 Nh5 39. Rxd6
Bb5+ 40. Kd1 Nf4 41. Rf6 Be2# 0-1

[Event "DEM U10 2012"]
[Site "Oberhof GER"]
[Date "2012.05.29"]
[Round "5"]
[White "Santos, Leonardo"]
[Black "Kobald, Jacqueline"]
[Result "1-0"]
[Termination "normal"]
[Board "32"]
[WhiteElo "1189"]
[BlackElo "926"]
[PlyCount "121"]
[WhiteFideId "12965049"]
[BlackFideId "12988162"]
[EventCountry "GER"]
[EventRounds "11"]
[EventType "swiss"]
[EventDate "2012.05.26"]

1. e4 e5 2. Nf3 Nc6 3. d4 exd4 4. Bc4 Bc5 5. c3 dxc3 6. Bxf7+ Kf8 7. Bxg8 Rxg8
8. Nxc3 d6 9. O-O Bg4 10. Bg5 Qe8 11. h3 Bh5 12. Re1 Ne5 13. g4 Bg6 14. Nd5 Rc8
15. Be7+ Qxe7 16. Nxe7 Kxe7 17. Nxe5 dxe5 18. Rc1 Bd4 19. Qb3 b6 20. Qa3+ Bc5
21. Qxa7 Rgf8 22. Rc2 Be8 23. Qa6 Bc6 24. Qc4 Rcd8 25. a3 Rf3 26. Kg2 Rdf8 27.
Ree2 R3f6 28. b4 Bd6 29. Qxc6 Kf7 30. Rcd2 Kg8 31. Qd5+ Kh8 32. f3 Rd8 33. Re3
Rff8 34. Red3 h6 35. Qc6 Rg8 36. Rxd6 cxd6 37. Rxd6 Rxd6 38. Qxd6 b5 39. Qxe5
Ra8 40. Qxb5 Rxa3 41. Qa5 Rd3 42. Qd5 Rxd5 43. exd5 Kg8 44. b5 Kf7 45. b6 Ke7
46. b7 Kd6 47. b8=Q+ Kxd5 48. Qc8 Kd6 49. f4 Kd5 50. f5 Kd6 51. Kf3 Kd5 52.
Qe6+ Kc5 53. Qd7 Kb6 54. Qc8 Kb5 55. Ke4 Kb4 56. Kd5 Kb3 57. Kd4 Kb2 58. Kd3
Kb1 59. Qc3 Ka2 60. Kc2 h5 61. Qb2# 1-0

[Event "DEM U10 2012"]
[Site "Oberhof GER"]
[Date "2012.05.29"]
[Round "5"]
[White "Wastian, Mareike"]
[Black "Pantsernaya, Sofya"]
[Result "1-0"]
[Termination "normal"]
[Board "33"]
[WhiteElo "1174"]
[BlackElo "953"]
[PlyCount "89"]
[WhiteFideId "12947423"]
[BlackFideId "12993182"]
[EventCountry "GER"]
[EventRounds "11"]
[EventType "swiss"]
[EventDate "2012.05.26"]

1. e4 d5 2. exd5 Nf6 3. d4 Nxd5 4. Nf3 e6 5. Bd2 Be7 6. Nc3 O-O 7. Bd3 b6 8.
O-O Bb7 9. Qe2 c5 10. Ne5 Bg5 11. Bxg5 Qxg5 12. Nf3 Qe7 13. Nxd5 Bxd5 14. dxc5
Qxc5 15. Qe5 Nd7 16. Qh5 g6 17. Qh3 Rfe8 18. Qg4 Nf8 19. Rfe1 f5 20. Qg3 Nd7
21. Qh3 Bxf3 22. Qxf3 Ne5 23. Qe2 Ng4 24. h3 Nf6 25. Bb5 Red8 26. Qxe6+ Kg7 27.
Bd3 Re8 28. Qb3 Rxe1+ 29. Rxe1 Re8 30. Rxe8 Nxe8 31. Qe6 Nd6 32. Qe7+ Kh6 33.
Qxa7 Qe5 34. Qxb6 Qe1+ 35. Kh2 Qe5+ 36. g3 f4 37. g4 f3+ 38. Kg1 Qe1+ 39. Bf1
Ne4 40. Qe3+ Qxe3 41. fxe3 f2+ 42. Kg2 Nc5 43. Kxf2 Ne4+ 44. Kg2 Nd2 45. a4 1-0

[Event "DEM U10 2012"]
[Site "Oberhof GER"]
[Date "2012.05.29"]
[Round "5"]
[White "Kurz, Annika"]
[Black "Gazizov, Max"]
[Result "0-1"]
[Termination "normal"]
[Board "35"]
[WhiteElo "881"]
[BlackElo "1009"]
[PlyCount "94"]
[BlackFideId "12951323"]
[EventCountry "GER"]
[EventRounds "11"]
[EventType "swiss"]
[EventDate "2012.05.26"]

1. e4 d5 2. exd5 Qxd5 3. Nc3 Qa5 4. Nf3 Nf6 5. Bc4 Bg4 6. h3 Bxf3 7. Qxf3 e6 8.
d3 c6 9. O-O Bd6 10. Bg5 Qxg5 11. Rfe1 Bb4 12. Rad1 O-O 13. Qe3 Qxe3 14. Rxe3
Re8 15. Rde1 Nbd7 16. Rg3 Re7 17. Ree3 h6 18. Ne2 Rae8 19. a3 Bd2 20. Ref3 Kf8
21. Nd4 Ne5 22. Nb3 Nxf3+ 23. Rxf3 Bg5 24. g3 b5 25. h4 Bxh4 26. gxh4 bxc4 27.
dxc4 e5 28. Rd3 e4 29. Rd6 e3 30. fxe3 Rxe3 31. Rxc6 Re2 32. Rd6 Rxc2 33. Rd2
Rxc4 34. Na5 Ra4 35. Nb7 Nh5 36. Nc5 Ra5 37. Nb3 Rae5 38. Nd4 Re4 39. Nf5 Re2
40. Rxe2 Rxe2 41. Kf1 Rxb2 42. Ke1 Ra2 43. Kd1 Rxa3 44. Kc2 Ra5 45. Kb3 Rxf5
46. Ka4 Re5 47. Kb4 f5 0-1

[Event "DEM U10 2012"]
[Site "Oberhof GER"]
[Date "2012.05.29"]
[Round "5"]
[White "Von Jan, Lena"]
[Black "Silber, Fabian"]
[Result "1-0"]
[Termination "normal"]
[Board "36"]
[WhiteElo "1003"]
[BlackElo "838"]
[PlyCount "91"]
[WhiteFideId "12946060"]
[BlackFideId "12947288"]
[EventCountry "GER"]
[EventRounds "11"]
[EventType "swiss"]
[EventDate "2012.05.26"]

1. e4 e5 2. Nf3 Nc6 3. Bb5 d6 4. h3 Bd7 5. c3 a6 6. Ba4 Qf6 7. d3 h6 8. Nbd2
Be6 9. Nf1 d5 10. Ng3 g6 11. Bb3 d4 12. c4 Bb4+ 13. Bd2 Bxd2+ 14. Qxd2 O-O-O
15. Ba4 Bd7 16. O-O h5 17. Qg5 Qxg5 18. Nxg5 Rf8 19. Nf3 Nf6 20. Bxc6 Bxc6 21.
Nxe5 Bd7 22. b3 h4 23. Ne2 g5 24. Nxd4 g4 25. Nxd7 Kxd7 26. e5 Nh7 27. hxg4
Rfg8 28. Rfe1 Rxg4 29. Re4 Rg5 30. e6+ fxe6 31. Nxe6 Rhg8 32. Nxg5 Rxg5 33.
Rxh4 Nf6 34. Rd4+ Ke7 35. Re1+ Kf7 36. Re3 Ng4 37. Rd7+ Kg6 38. Rg3 Ne5 39.
Rxg5+ Kxg5 40. Rxc7 Nxd3 41. Rxb7 Kf4 42. Rb6 Nc5 43. b4 Nd3 44. Rxa6 Nxb4 45.
Ra4 Nd3 46. c5+ 1-0

[Event "DEM U10 2012"]
[Site "Oberhof GER"]
[Date "2012.05.29"]
[Round "5"]
[White "Giss, Alexander"]
[Black "Finke, Daniel"]
[Result "0-1"]
[Termination "normal"]
[Board "37"]
[WhiteElo "877"]
[BlackElo "989"]
[PlyCount "38"]
[WhiteFideId "16260414"]
[BlackFideId "16217675"]
[EventCountry "GER"]
[EventRounds "11"]
[EventType "swiss"]
[EventDate "2012.05.26"]

1. e4 e5 2. Nf3 Nc6 3. Bc4 Bc5 4. O-O d6 5. h3 Be6 6. Bb3 Qd7 7. Nc3 Nf6 8. d3
O-O-O 9. Bg5 h6 10. Bh4 g5 11. Bg3 Nh5 12. Bh2 Nf4 13. Bxf4 gxf4 14. Ba4 Rdg8
15. Nh4 Bxh3 16. Qf3 Rg3 17. Qxg3 fxg3 18. gxh3 Qxh3 19. Nd1 Qh2# 0-1

[Event "DEM U10 2012"]
[Site "Oberhof GER"]
[Date "2012.05.29"]
[Round "5"]
[White "Grey, Andrea"]
[Black "Bürmann, Theresia"]
[Result "1-0"]
[Termination "normal"]
[Board "38"]
[WhiteElo "855"]
[BlackElo "981"]
[PlyCount "99"]
[WhiteFideId "12971880"]
[BlackFideId "12960241"]
[EventCountry "GER"]
[EventRounds "11"]
[EventType "swiss"]
[EventDate "2012.05.26"]

1. e4 e5 2. Nf3 Nf6 3. Nc3 Bb4 4. Nxe5 Qe7 5. d4 d6 6. Nf3 Bxc3+ 7. bxc3 Qxe4+
8. Qe2 Qxe2+ 9. Bxe2 Nc6 10. O-O O-O 11. Bf4 Nd5 12. Bd2 Bf5 13. Bd3 Bg4 14.
Rfe1 Rfe8 15. h3 Rxe1+ 16. Rxe1 Bxf3 17. gxf3 a6 18. Kh2 b5 19. Be4 Re8 20.
Bxd5 Rxe1 21. Bxe1 Ne7 22. Bb7 a5 23. Ba6 c6 24. c4 b4 25. c5 d5 26. Kg3 Nf5+
27. Kf4 Nxd4 28. c3 Nc2 29. Bd2 bxc3 30. Bxc3 a4 31. Bd3 Na3 32. Ke3 Kf8 33.
Ke2 g6 34. Ba6 Ke7 35. Bb7 Nb1 36. Bb2 a3 37. Bd4 Kd7 38. Ba6 Kc7 39. Bd3 Kb7
40. Bxb1 Ka6 41. Bd3+ Ka5 42. Bc3+ Ka4 43. Ke3 f5 44. Kf4 d4 45. Bxd4 Kb4 46.
Ke5 Ka4 47. Bc3 h5 48. Kd6 f4 49. Kxc6 g5 50. Bc2# 1-0

[Event "DEM U10 2012"]
[Site "Oberhof GER"]
[Date "2012.05.29"]
[Round "5"]
[White "Flach, Helene"]
[Black "Hartmann, Jasmin"]
[Result "0-1"]
[Termination "normal"]
[Board "39"]
[WhiteElo "974"]
[BlackElo "832"]
[PlyCount "76"]
[WhiteFideId "12929735"]
[BlackFideId "12988898"]
[EventCountry "GER"]
[EventRounds "11"]
[EventType "swiss"]
[EventDate "2012.05.26"]

1. e4 d5 2. exd5 Qxd5 3. Nc3 Qd6 4. d4 c6 5. Nf3 Bg4 6. Be3 e6 7. h3 Bh5 8. Be2
Nd7 9. O-O O-O-O 10. Rb1 Ngf6 11. b4 Qc7 12. b5 Bxf3 13. Bxf3 Bd6 14. g3 Bxg3
15. fxg3 Qxg3+ 16. Kh1 Qxh3+ 17. Kg1 Ng4 18. Bxg4 Qxe3+ 19. Kg2 Qxc3 20. bxc6
Nf6 21. Bf3 Rxd4 22. Qc1 Rd2+ 23. Rf2 Rhd8 24. Qh1 Rxf2+ 25. Kxf2 Ne4+ 26. Kg2
Qxc2+ 27. Kh3 Nf2+ 28. Kh4 Nxh1 29. Rxh1 Rd4+ 30. Kg3 Qg6+ 31. Kf2 bxc6 32.
Bxc6 Qf5+ 33. Bf3 Rd2+ 34. Ke3 Qd3+ 35. Kf4 Qd4+ 36. Kg3 e5 37. Rxh7 Qf4+ 38.
Kh3 Rh2# 0-1

[Event "DEM U10 2012"]
[Site "Oberhof GER"]
[Date "2012.05.29"]
[Round "5"]
[White "Schmiederer, Luisa"]
[Black "Oganessjan, Artur"]
[Result "0-1"]
[Termination "normal"]
[Board "40"]
[WhiteElo "850"]
[BlackElo "961"]
[PlyCount "84"]
[BlackFideId "12986062"]
[EventCountry "GER"]
[EventRounds "11"]
[EventType "swiss"]
[EventDate "2012.05.26"]

1. e4 e5 2. Nc3 Nc6 3. Nf3 Nf6 4. Bc4 Nxe4 5. d4 Nxc3 6. bxc3 exd4 7. cxd4 d5
8. Bb5 Bd7 9. Bg5 f6 10. Bf4 a6 11. Ba4 Bb4+ 12. Nd2 Nxd4 13. c3 Bxc3 14. a3
Bxa1 15. Qxa1 Bxa4 16. Qxd4 Bc6 17. Nb3 Qe7+ 18. Be3 Qe5 19. Qh4 Qc3+ 20. Ke2
Qxb3 21. Bc5 Qc4+ 22. Qxc4 dxc4 23. Kd2 O-O-O+ 24. Kc3 Bxg2 25. Rg1 Bd5 26. Rd1
Bf7 27. Re1 Rhe8 28. Be7 Rd7 29. Rg1 Rdxe7 30. Rxg7 Bg6 31. Rxe7 Rxe7 32. Kxc4
Re2 33. Kc3 Rxf2 34. h4 Re2 35. h5 Bxh5 36. Kb4 f5 37. a4 f4 38. Ka5 f3 39. Kb4
f2 40. Ka5 f1=Q 41. Kb4 Qb1+ 42. Ka5 Qb6# 0-1

[Event "DEM U10 2012"]
[Site "Oberhof GER"]
[Date "2012.05.29"]
[Round "5"]
[White "Bykov, Ilona"]
[Black "Weiten, Teresa"]
[Result "1-0"]
[Termination "normal"]
[Board "41"]
[WhiteElo "937"]
[BlackElo "834"]
[PlyCount "86"]
[WhiteFideId "12964433"]
[BlackFideId "12971944"]
[EventCountry "GER"]
[EventRounds "11"]
[EventType "swiss"]
[EventDate "2012.05.26"]

1. e4 e5 2. Nf3 Nc6 3. Bc4 Nf6 4. Ng5 d5 5. exd5 Nxd5 6. d3 Be7 7. Nxf7 Kxf7 8.
Qf3+ Ke8 9. Bxd5 Rf8 10. Qe4 Bf5 11. Bxc6+ bxc6 12. Qxc6+ Bd7 13. Qe4 Bd6 14.
Qxh7 Qf6 15. O-O Bc5 16. Qe4 Bxf2+ 17. Kh1 Bc6 18. Qe2 g5 19. Be3 Qh6 20. Rxf2
Qh3 21. Rxf8+ Kxf8 22. Qf2+ Ke7 23. Bxg5+ Ke8 24. Kg1 Qg4 25. Qg3 Qxg3 26. hxg3
Kd7 27. Nc3 Rf8 28. Rf1 Rg8 29. Bh4 Rg4 30. Kh2 Ke6 31. Kh3 Rg6 32. g4 a6 33.
g5 Ke7 34. Kg4 Bd7+ 35. Kh5 Be8 36. Nd5+ Kd7 37. Kg4 Kc6 38. Ne7+ Kd7 39. Nxg6
Bxg6 40. Rf6 Bh7 41. Kh5 Bg8 42. Kh6 Bxa2 43. g6 a5 1-0

[Event "DEM U10 2012"]
[Site "Oberhof GER"]
[Date "2012.05.29"]
[Round "5"]
[White "Hasenburg, Juliana"]
[Black "Bierfreund, Trine"]
[Result "0-1"]
[Termination "normal"]
[Board "42"]
[WhiteElo "776"]
[BlackElo "1083"]
[PlyCount "68"]
[BlackFideId "12957372"]
[EventCountry "GER"]
[EventRounds "11"]
[EventType "swiss"]
[EventDate "2012.05.26"]

1. e4 e5 2. Nf3 Nc6 3. Nc3 Nf6 4. Bc4 Be7 5. d3 O-O 6. Bh6 d6 7. Bxg7 Kxg7 8.
Qd2 Rg8 9. Qg5+ Kf8 10. Qh6+ Ke8 11. Ng5 Kd7 12. Qh3+ Ke8 13. Bxf7+ Kf8 14.
Qh6+ Rg7 15. f3 Ng8 16. Ne6+ Bxe6 17. Qxe6 Nd4 18. Qh3 Nxc2+ 19. Kd2 Nxa1 20.
Bh5 Qc8 21. Qxc8+ Rxc8 22. Rxa1 Rxg2+ 23. Ne2 Bg5+ 24. Kc2 Rxe2+ 25. Kc3 Bd2+
26. Kc4 Be3 27. Rf1 Rxh2 28. Bg4 Rb8 29. Kd5 Rxb2 30. Ke6 Rxa2 31. Rh1 Re8+ 32.
Kd7 Rc2 33. Rh6 Bxh6 34. Bf5 Nf6# 0-1

[Event "DEM U10 2012"]
[Site "Oberhof GER"]
[Date "2012.05.29"]
[Round "5"]
[White "Schönweiler, Elisabeth"]
[Black "Ewerhardy, Moritz"]
[Result "0-1"]
[Termination "normal"]
[Board "43"]
[WhiteElo "832"]
[BlackElo "832"]
[PlyCount "48"]
[WhiteFideId "12997005"]
[BlackFideId "36052086"]
[EventCountry "GER"]
[EventRounds "11"]
[EventType "swiss"]
[EventDate "2012.05.26"]

1. e4 e5 2. Nf3 Nc6 3. Bc4 Bc5 4. Nc3 Nf6 5. d3 d6 6. h3 Be6 7. Bb3 Qd7 8. Be3
Bb6 9. Qd2 Ne7 10. Ba4 c6 11. O-O Ng6 12. Ne2 h6 13. Ng3 Bxh3 14. Rfe1 Be6 15.
Bb3 Bg4 16. Kf1 Bxf3 17. gxf3 Nh4 18. Re2 Qh3+ 19. Ke1 Nxf3+ 20. Kd1 Nxd2 21.
Bxd2 Ng4 22. Re1 Nxf2+ 23. Kc1 Qxg3 24. Re2 Qf3 0-1

[Event "DEM U10 2012"]
[Site "Oberhof GER"]
[Date "2012.05.30"]
[Round "7"]
[White "Mätzkow, Maximilian Paul"]
[Black "Tong, Kevin"]
[Result "0-1"]
[Termination "normal"]
[Board "1"]
[WhiteElo "1685"]
[BlackElo "1612"]
[PlyCount "102"]
[WhiteFideId "24679933"]
[BlackFideId "12913944"]
[EventCountry "GER"]
[EventRounds "11"]
[EventType "swiss"]
[EventDate "2012.05.26"]

1. e4 c5 2. Nc3 Nc6 3. g3 g6 4. Bg2 Bg7 5. d3 e6 6. f4 Nge7 7. Nf3 Rb8 8. a4 a6
9. O-O O-O 10. Nh4 d6 11. g4 f5 12. exf5 exf5 13. gxf5 Nxf5 14. Nxf5 Bxf5 15.
Ne4 Qd7 16. Ng3 Bg4 17. Qd2 Rbe8 18. c3 d5 19. Qf2 d4 20. c4 Nb4 21. Ra3 Bh3
22. Ne4 Bxg2 23. Qxg2 Qc6 24. Re1 Bh6 25. Qf3 Nc2 26. Re2 Nxa3 27. bxa3 Kh8 28.
Qg3 Qc7 29. Rf2 Qa5 30. Bd2 Qc7 31. Qh4 Bg7 32. Rg2 Kg8 33. Qg3 b6 34. h4 Bh6
35. h5 Bxf4 36. Bxf4 Qxf4 37. hxg6 Qxg3 38. gxh7+ Kxh7 39. Rxg3 Kh6 40. Rh3+
Kg6 41. Rg3+ Kf5 42. Kf2 Rxe4 43. dxe4+ Kxe4+ 44. Ke1 d3 45. Rg6 Kd4 46. Rxb6
Kxc4 47. Rxa6 Kc3 48. Rd6 Ra8 49. Rd5 c4 50. a5 Kc2 51. Rd4 c3 0-1

[Event "DEM U10 2012"]
[Site "Oberhof GER"]
[Date "2012.05.30"]
[Round "7"]
[White "Rockmann, Jan-Okke"]
[Black "Schilay, Lorenz"]
[Result "1-0"]
[Termination "normal"]
[Board "2"]
[WhiteElo "1767"]
[BlackElo "1494"]
[PlyCount "71"]
[WhiteFideId "12942111"]
[BlackFideId "12930180"]
[EventCountry "GER"]
[EventRounds "11"]
[EventType "swiss"]
[EventDate "2012.05.26"]

1. e4 e5 2. Nf3 Nc6 3. d4 exd4 4. Nxd4 Bb4+ 5. c3 Bc5 6. Be3 Bb6 7. Be2 Nf6 8.
Nd2 O-O 9. O-O d5 10. Nxc6 bxc6 11. Bg5 dxe4 12. Bxf6 Qxf6 13. Nxe4 Qg6 14. Ng3
Bb7 15. Bd3 Qd6 16. Qc2 h6 17. Rad1 Qf6 18. Rfe1 Rfe8 19. Nf5 Rad8 20. Re2 Re6
21. Rde1 Rde8 22. c4 Ba5 23. Rxe6 Rxe6 24. Rxe6 Qxe6 25. Ne3 c5 26. Qa4 Bb6 27.
h3 g6 28. Qd1 Qf6 29. Qd2 Qg5 30. Bf1 Qf6 31. Ng4 Qd4 32. Nxh6+ Kg7 33. Qg5
Qxb2 34. Nf5+ Kh7 35. Qh6+ Kg8 36. Ne7# 1-0

[Event "DEM U10 2012"]
[Site "Oberhof GER"]
[Date "2012.05.30"]
[Round "7"]
[White "Shoipov, Dennie"]
[Black "Mantel, Ruben"]
[Result "0-1"]
[Termination "normal"]
[Board "3"]
[WhiteElo "1447"]
[BlackElo "1539"]
[PlyCount "52"]
[WhiteFideId "14137755"]
[BlackFideId "12930121"]
[EventCountry "GER"]
[EventRounds "11"]
[EventType "swiss"]
[EventDate "2012.05.26"]

1. e4 e6 2. d4 d5 3. exd5 exd5 4. Bd3 Bd6 5. Nf3 Nc6 6. c3 Bg4 7. O-O Qd7 8.
Re1+ Nge7 9. Bg5 f6 10. Be3 g5 11. Nbd2 O-O-O 12. b4 Rdg8 13. a4 h5 14. a5 h4
15. b5 Nd8 16. b6 cxb6 17. a6 Bxf3 18. axb7+ Kb8 19. Nxf3 g4 20. Nd2 g3 21. h3
gxf2+ 22. Kxf2 Nf5 23. Rg1 Bg3+ 24. Kf3 Re8 25. Nf1 Nxe3 26. Nxe3 Qd6 0-1

[Event "DEM U10 2012"]
[Site "Oberhof GER"]
[Date "2012.05.30"]
[Round "7"]
[White "Wierzbicki, Jirawat"]
[Black "Graf, Justus Felix"]
[Result "0-1"]
[Termination "normal"]
[Board "4"]
[WhiteElo "1541"]
[BlackElo "1507"]
[PlyCount "70"]
[WhiteFideId "1153579"]
[BlackFideId "12929212"]
[EventCountry "GER"]
[EventRounds "11"]
[EventType "swiss"]
[EventDate "2012.05.26"]

1. e4 c6 2. d4 d5 3. Nc3 dxe4 4. Nxe4 Bf5 5. Ng3 Bg6 6. Bc4 Nf6 7. N1e2 h6 8.
O-O e6 9. f4 Bd6 10. f5 exf5 11. Nxf5 O-O 12. Nxd6 Qxd6 13. Nf4 Bh7 14. c3 Nbd7
15. Be3 Nb6 16. Bb3 Nbd5 17. Nxd5 Nxd5 18. Bd2 Rae8 19. Qf3 Be4 20. Qf2 Re6 21.
Rfe1 Rf6 22. Qe2 Bg6 23. Rad1 b5 24. g3 a5 25. c4 a4 26. cxd5 axb3 27. dxc6
bxa2 28. Ra1 Qxd4+ 29. Be3 Qd3 30. Qxd3 Bxd3 31. Rxa2 Rxc6 32. Rd1 Bc4 33. Ra3
Re8 34. Kf2 Rf6+ 35. Kg2 b4 0-1

[Event "DEM U10 2012"]
[Site "Oberhof GER"]
[Date "2012.05.30"]
[Round "7"]
[White "Schneider, Jana"]
[Black "Keymer, Vincent"]
[Result "0-1"]
[Termination "normal"]
[Board "5"]
[WhiteElo "1462"]
[BlackElo "1721"]
[PlyCount "108"]
[WhiteFideId "12924997"]
[BlackFideId "12940690"]
[EventCountry "GER"]
[EventRounds "11"]
[EventType "swiss"]
[EventDate "2012.05.26"]

1. e4 c5 2. Nc3 e6 3. f4 d5 4. d3 Nc6 5. Nf3 Nf6 6. Bd2 a6 7. g3 b5 8. Bg2 Be7
9. O-O O-O 10. h3 Bb7 11. g4 b4 12. e5 bxc3 13. exf6 Bxf6 14. bxc3 g6 15. Qe1
Na7 16. f5 Re8 17. fxg6 hxg6 18. h4 e5 19. g5 Bg7 20. h5 e4 21. hxg6 exf3 22.
gxf7+ Kxf7 23. Rxf3+ Kg6 24. Qh4 Rh8 25. Qg4 Qc8 26. Qf4 Qd7 27. Qg3 Rhf8 28.
Raf1 Rxf3 29. Bxf3 Rf8 30. Be3 d4 31. cxd4 Bxf3 32. Rxf3 Rxf3 33. Qxf3 cxd4 34.
Qe4+ Qf5 35. Qe8+ Kh7 36. Qh5+ Kg8 37. Bd2 Qb5 38. a3 Nc8 39. Bb4 a5 40. Bxa5
Qb1+ 41. Kg2 Qxc2+ 42. Kh3 Qxd3+ 43. Kg2 Qc2+ 44. Kg1 Qc1+ 45. Kg2 Qc6+ 46. Kg1
Ne7 47. Bb4 Nf5 48. g6 Qc1+ 49. Kg2 Ne3+ 50. Kg3 Qg1+ 51. Kf4 Qf2+ 52. Ke4 Qg2+
53. Kf4 Be5+ 54. Qxe5 Qg4# 0-1

[Event "DEM U10 2012"]
[Site "Oberhof GER"]
[Date "2012.05.30"]
[Round "7"]
[White "ter Stal, Sven"]
[Black "Rose, Luis Stratos"]
[Result "1/2-1/2"]
[Termination "normal"]
[Board "6"]
[WhiteElo "1498"]
[BlackElo "1372"]
[PlyCount "91"]
[WhiteFideId "12946443"]
[BlackFideId "12976008"]
[EventCountry "GER"]
[EventRounds "11"]
[EventType "swiss"]
[EventDate "2012.05.26"]

1. f4 d5 2. Nf3 Nf6 3. d3 c5 4. g3 Nc6 5. Bg2 e6 6. O-O Be7 7. Nc3 O-O 8. e4 d4
9. Nb5 a6 10. Na3 b5 11. Bd2 Bb7 12. h3 h6 13. g4 Nh7 14. Qe1 g5 15. f5 e5 16.
Qg3 f6 17. Kf2 Rf7 18. Rh1 Bf8 19. Nh2 Bg7 20. Qf3 Qe7 21. Nf1 Ra7 22. Ng3 Bf8
23. Nh5 Bc8 24. Qe2 Rc7 25. Rhc1 b4 26. Nc4 Rb7 27. Qe1 a5 28. a3 Rb8 29. Kg1
Ba6 30. axb4 Bxc4 31. dxc4 axb4 32. b3 Qd6 33. Bf1 Ra7 34. Rxa7 Nxa7 35. Ra1
Ra8 36. Qb1 Qb8 37. Qa2 Qb6 38. Qa4 Qb7 39. Qa6 Qe7 40. Bd3 Qf7 41. Ra5 Qc7 42.
Be1 Bd6 43. h4 Kf7 44. Rb5 Rb8 45. Rxb8 Qxb8 46. Kg2 1/2-1/2

[Event "DEM U10 2012"]
[Site "Oberhof GER"]
[Date "2012.05.30"]
[Round "7"]
[White "Roseneck, Jonas"]
[Black "Renger, Niklas"]
[Result "0-1"]
[Termination "normal"]
[Board "7"]
[WhiteElo "1342"]
[BlackElo "1622"]
[PlyCount "170"]
[WhiteFideId "12939870"]
[BlackFideId "12908096"]
[EventCountry "GER"]
[EventRounds "11"]
[EventType "swiss"]
[EventDate "2012.05.26"]

1. e4 c5 2. Nf3 d6 3. d4 cxd4 4. Nxd4 Nf6 5. Nc3 g6 6. f4 Bg7 7. e5 dxe5 8.
fxe5 Ng8 9. Bb5+ Bd7 10. e6 Bxb5 11. exf7+ Kxf7 12. Qf3+ Nf6 13. Ndxb5 Nc6 14.
O-O Rf8 15. Rd1 Qa5 16. Bf4 Rac8 17. a3 Kg8 18. Qe3 Rfd8 19. Rxd8+ Qxd8 20. Rd1
Qf8 21. Nc7 Kh8 22. Ne6 Qf7 23. h3 Nh5 24. Bh2 Qe8 25. b3 Nd8 26. Nc7 Qf8 27.
Rf1 Nf6 28. N3d5 Nc6 29. Ne6 Qf7 30. Ndc7 Qg8 31. g4 Ne8 32. Nd5 Nf6 33. Ndc7
Ne8 34. Nd5 Nf6 35. Ndc7 Ne8 36. Nb5 a6 37. Nc3 Nd8 38. Nxg7 Nxg7 39. Qxe7 Nde6
40. Qf6 Rf8 41. Qe5 Rxf1+ 42. Kxf1 Qf8+ 43. Kg2 b5 44. b4 h6 45. Nd5 Qc8 46.
Qb8 Qxb8 47. Bxb8 Nd4 48. Ne3 Nge6 49. Be5+ Kg8 50. c3 Nc6 51. Bd6 Kf7 52. Kf3
Ng5+ 53. Kg3 Ne4+ 54. Kf4 Nxd6 55. Nd5 Nc4 56. Nc7 Nb8 57. Ke4 Nxa3 58. Kd5 Nc4
59. Ke4 Kf6 60. h4 Nb2 61. Nd5+ Kf7 62. Ne3 Ke6 63. Kd4 Kd6 64. Ke4 Na4 65. Kd4
Nc6+ 66. Kd3 Ne5+ 67. Kc2 Nc4 68. Ng2 Ke5 69. Kd3 Ncb2+ 70. Kc2 Ke4 71. Ne1 Kf4
72. h5 g5 73. Ng2+ Kf3 74. Nh4+ Kxg4 75. Ng6 Kxh5 76. Ne5 g4 77. Nxg4 Kxg4 78.
Kb3 h5 79. Ka3 h4 80. Kb3 h3 81. Ka3 h2 82. Kb3 h1=Q 83. Ka3 Nc4+ 84. Ka2 Qg2+
85. Kb1 Qb2# 0-1

[Event "DEM U10 2012"]
[Site "Oberhof GER"]
[Date "2012.05.30"]
[Round "7"]
[White "Vaintroub, Maximilian"]
[Black "Wong, Gengchun"]
[Result "0-1"]
[Termination "normal"]
[Board "8"]
[WhiteElo "1302"]
[BlackElo "1511"]
[PlyCount "126"]
[WhiteFideId "12942510"]
[BlackFideId "12963283"]
[EventCountry "GER"]
[EventRounds "11"]
[EventType "swiss"]
[EventDate "2012.05.26"]

1. e4 c5 2. Nf3 d6 3. d4 cxd4 4. Nxd4 Nf6 5. Nc3 a6 6. Be3 e6 7. Be2 Be7 8. O-O
O-O 9. f4 Qc7 10. a4 Nc6 11. Qe1 Rd8 12. Qf2 Nd7 13. Bf3 Rb8 14. Kh1 Na5 15.
Rab1 Nc4 16. Bd2 Bf6 17. Rfd1 Qb6 18. Be3 Qc7 19. Nde2 Ndb6 20. Bxb6 Nxb6 21.
Qg3 Bd7 22. Ra1 Be8 23. Rd3 Nc4 24. b3 Na5 25. Rad1 b5 26. axb5 axb5 27. R1d2
b4 28. Nd1 Bb5 29. Re3 Nc6 30. c4 bxc3 31. Nexc3 Ba6 32. Ne2 Na5 33. Nd4 Bxd4
34. Rxd4 Rxb3 35. Rxb3 Nxb3 36. Rb4 Nd2 37. Ra4 Nxf3 38. Qxf3 Qc6 39. Rd4 Qc5
40. Rd2 Qb4 41. Qe3 Qc4 42. Qf2 Qxe4 43. h3 h6 44. Rd4 Qe2 45. Qxe2 Bxe2 46.
Nc3 Bh5 47. g4 Bg6 48. Kg2 Kf8 49. Kf3 Ke7 50. h4 h5 51. g5 Rc8 52. Ne4 Bxe4+
53. Kxe4 d5+ 54. Ke3 Rc3+ 55. Rd3 Rxd3+ 56. Kxd3 Kd6 57. Kd4 f6 58. g6 e5+ 59.
Ke3 Ke6 60. Kf3 Kf5 61. fxe5 fxe5 62. Ke3 Kxg6 63. Kf3 Kf5 0-1